Diccionario palabras castellanas de origen árabe
Gorde:
| Egile nagusia: | |
|---|---|
| Formatua: | Liburua |
| Hizkuntza: | gaztelania |
| Argitaratua: |
Santiago
Universitaria
1973
|
| Gaiak: | |
| Etiketak: |
Etiketa erantsi
Etiketarik gabe, Izan zaitez lehena erregistro honi etiketa jartzen!
|
MARC
| LEADER | 00000nam a2200000 a 4500 | ||
|---|---|---|---|
| 001 | UCT3514 | ||
| 003 | CL-VaPUC | ||
| 008 | 961024e19730000CL |||||||||||||||||spa|d | ||
| 082 | 0 | 4 | |a 462 |b DAW |2 21 |
| 100 | 0 | |a Dawabe Atik, Elías |e author |9 372438 | |
| 245 | 1 | 0 | |a Diccionario palabras castellanas de origen árabe |
| 300 | |a 225 p | ||
| 942 | |c BK | ||
| 945 | |d 19961024 00:00:00 |a paguirre | ||
| 260 | |a Santiago |b Universitaria |c 1973 | ||
| 650 | 0 | |a Diccionarios |9 256200 | |
| 650 | 7 | |a TERMINOLOGIA |2 CL-VaPUC |9 254881 | |
| 650 | 0 | |a Etimología |9 337976 | |
| 650 | 0 | |a Español |9 255372 | |
| 650 | 0 | |a Árabes |9 316264 | |
| 583 | |a last modification |c 19961024 00:00:00 |k Rodrigo Vera | ||
| 999 | |c 253135 |d 253133 | ||
| 952 | |0 0 |1 0 |4 0 |6 462_000000000000000_DAW_1973 |7 0 |8 X |9 273667 |a BIBCUR |b BIBCUR |d 2019-11-19 |i 1775197 |o 462 DAW 1973 |p 1775197 |r 2025-04-22 |w 2019-11-19 |y BK_X |k BCB | ||
| 952 | |0 0 |1 0 |4 0 |6 462_000000000000000_DAW_1973 |7 0 |8 X |9 273668 |a BIBEDU |b BIBEDU |d 2019-11-19 |i 1982451 |o 462 DAW 1973 |p 1982451 |r 2023-01-13 |w 2019-11-19 |y BK_X |k LIT | ||